Mũrogi wa Kagogo / (Record no. 126391)
[ view plain ]
| 000 -LEADER | |
|---|---|
| fixed length control field | 01395cam a22003374a 4500 |
| 001 - CONTROL NUMBER | |
| control field | 13783882 |
| 003 - CONTROL NUMBER IDENTIFIER | |
| control field | ARRUPE |
| 005 - DATE AND TIME OF LATEST TRANSACTION | |
| control field | 20170411100217.0 |
| 008 - FIXED-LENGTH DATA ELEMENTS--GENERAL INFORMATION | |
| fixed length control field | 040907m20042007ke 000 1 kik |
| 010 ## - LIBRARY OF CONGRESS CONTROL NUMBER | |
| LC control number | 2004410684 |
| 020 ## - INTERNATIONAL STANDARD BOOK NUMBER | |
| International Standard Book Number | 9966251626 (v. 12) |
| 020 ## - INTERNATIONAL STANDARD BOOK NUMBER | |
| International Standard Book Number | 9966254420 (v. 3) |
| 020 ## - INTERNATIONAL STANDARD BOOK NUMBER | |
| International Standard Book Number | 9966254900 (v. 46) |
| 040 ## - CATALOGING SOURCE | |
| Original cataloging agency | DLC |
| Transcribing agency | DLC |
| 042 ## - AUTHENTICATION CODE | |
| Authentication code | lcode |
| 043 ## - GEOGRAPHIC AREA CODE | |
| Geographic area code | f------ |
| 050 00 - LIBRARY OF CONGRESS CALL NUMBER | |
| Classification number | PL8379.9.N4 |
| Item number | M87 2004 |
| 300 ## - PHYSICAL DESCRIPTION | |
| Dimensions | 21 cm. |
| 100 0# - MAIN ENTRY--PERSONAL NAME | |
| Personal name | Ngũgĩ wa Thiongʾo, |
| Dates associated with a name | 1938- |
| 9 (RLIN) | 29778 |
| 245 10 - TITLE STATEMENT | |
| Title | Mũrogi wa Kagogo / |
| Statement of responsibility, etc | rũgano ta ũrĩa rwaguũrĩirio Ngũgĩ wa Thiongʾo. |
| 260 ## - PUBLICATION, DISTRIBUTION, ETC. (IMPRINT) | |
| Place of publication, distribution, etc | Nairobi : |
| Name of publisher, distributor, etc | East African Educational Publishers, |
| Date of publication, distribution, etc | 2004-2007. |
| 300 ## - PHYSICAL DESCRIPTION | |
| Extent | 344 p. ; |
| 505 0# - FORMATTED CONTENTS NOTE | |
| Formatted contents note | mbuku ya mbere. Ngoma cia ũnene -- mbuku ya kerĩ. Ngoma cia mĩhari -- mbuku ya gatatũ. Ngoma cia aka -- mbuku ya kana. Ngoma cia arũme -- mbuku ya gatano. Ngoma cia aregi -- mbuku ya gatandatũ. Ngoma cia nderu. |
| 520 ## - SUMMARY, ETC. | |
| Summary, etc | A novel. |
| 546 ## - LANGUAGE NOTE | |
| Language note | In Kikuyu. |
| 590 ## - LOCAL NOTE (RLIN) | |
| Local note | LC copy of v. 1-2 [i.e. v. 1-2, and v. 3] signed by author. |
| 906 ## - LOCAL DATA ELEMENT F, LDF (RLIN) | |
| a | 7 |
| b | cbc |
| c | origode |
| d | 2 |
| e | ncip |
| f | 20 |
| g | y-gencatlg |
| 942 ## - ADDED ENTRY ELEMENTS (KOHA) | |
| Source of classification or shelving scheme | Library of Congress Classification |
| Koha item type | Monograph ( Printed materials) |
| Withdrawn status | Lost status | Source of classification or shelving scheme | Damaged status | Not for loan | Collection code | Home library | Current library | Shelving location | Date acquired | Total Checkouts | Full call number | Barcode | Date last seen | Price effective from | Koha item type |
|---|---|---|---|---|---|---|---|---|---|---|---|---|---|---|---|
| Library of Congress Classification | Main Collection | ARRUPE LIBRARY | ARRUPE LIBRARY | Main Collection | 11/04/2017 | PR9381.9.N4 M8 2004 | 46500025513 | 11/04/2017 | 11/04/2017 | Monograph ( Printed materials) |